000
00229nam a22001097a 4500
082
_a
823
_b
UNK/E
100
_a
UNKNOWN
245
_a
THE EMPEROR'S NEW CLOTHES
260
_b
WICKLOW LTD
_c
1989
650
_a
ENGLISH STORY
942
_c
BK
999
_c
7536
_d
7536